| Tag |
First Indicator |
Second Indicator |
Subfields |
| LEADER |
00000cas a2200000 a 4500 |
| 001 |
in00000075565 |
| 005 |
20151008053641.0 |
| 008 |
750901d19581974nyu x r 0u ua0eng d |
| 010 |
|
|
|a 58011044
|
| 022 |
|
|
|a 0459-925X
|
| 035 |
|
|
|a (OCoLC)01587104
|
| 035 |
|
|
|9 AAH8160AM
|
| 040 |
|
|
|a MUL
|c MUL
|d COO
|d IXA
|d OCL
|d TXA
|d UtOrBLW
|
| 049 |
|
|
|a TXAE
|
| 090 |
|
|
|a L901
|b .L65
|
| 245 |
0 |
0 |
|a Lovejoy's prep school guide.
|
| 264 |
|
1 |
|a New York :
|b Simon and Schuster,
|c [1958-1974]
|
| 300 |
|
|
|a 4 volumes ;
|c 29 cm.
|
| 336 |
|
|
|a text
|b txt
|2 rdacontent
|
| 337 |
|
|
|a unmediated
|b n
|2 rdamedia
|
| 338 |
|
|
|a volume
|b nc
|2 rdacarrier
|
| 362 |
0 |
|
|a 1958-1974.
|
| 500 |
|
|
|a Compiler: 1958- C. E. Lovejoy.
|
| 650 |
|
0 |
|a Private schools
|z United States
|v Directories.
|
| 700 |
1 |
|
|a Lovejoy, Clarence E.
|q (Clarence Earle),
|d 1894-1974.
|
| 785 |
0 |
0 |
|t Lovejoy's prep and private school guide
|w (OCoLC) 6500553
|
| 999 |
|
|
|a MARS
|
| 999 |
f |
f |
|s 78664b12-1814-316c-85e9-8a35845f05a7
|i 2236c7d0-970b-371f-8479-92bdf9ae6c30
|t 0
|
| 952 |
f |
f |
|p normal
|a Texas A&M University
|b College Station
|c Sterling C. Evans Library
|d Evans: Library Stacks
|t 0
|e L901 .L65
|h Library of Congress classification
|i unmediated -- volume
|m A14809824131
|
| 998 |
f |
f |
|a L901 .L65
|s 1st ed. (1958)-4th ed. (1974)
|t 0
|l Evans: Library Stacks
|